Modern recording techniques / (Record no. 7299)

MARC details
000 -LEADER
fixed length control field 01214cam a22002174a 4500
020 ## - INTERNATIONAL STANDARD BOOK NUMBER
ISBN 0240806255 (pbk. : alk. paper)
020 ## - INTERNATIONAL STANDARD BOOK NUMBER
ISBN 9780240806259
050 00 - CALL NUMBER
Classification number TK7881.4
Item number .H86
100 1# - AUTHOR
Personal name Huber, David Miles.
245 10 - TITLE
Title Modern recording techniques /
Statement of responsibility, etc David Miles Huber, Robert E. Runstein.
250 ## - EDITION
Edition statement 6th ed.
260 ## - PUBLICATION INFORMATION
Place of publication Boston :
Name of publisher Focal Press/Elsevier,
Year of publication c2005.
300 ## - DESCRIPTION
Number of Pages xix, 652 p. :
Other physical details ill. ;
Dimensions 24 cm.
500 ## - NOTES
General note Includes index.
505 ## - FORMATTED CONTENTS NOTE
Table of Content 1. Introduction --<br/>2. Sound and hearing --<br/>3. Studio acoustics and design --<br/>4. Microphones : design and application --<br/>5. analog tape recorder --<br/>6. Digital audio technology --<br/>7. MIDI and electronic music technology --<br/>8. Multimedia and the Web --<br/>9. Synchronization --<br/>10. Amplifiers --<br/>11. audio production console --<br/>12. Signal processing --<br/>13. Noise reduction --<br/>14. Monitoring --<br/>15. Surround sound --<br/>16. Mastering --<br/>17. Product manufacture --<br/>18. Studio session procedures --<br/>19. Yesterday, today, and tomorrow --
650 #0 - SUBJECTS
Topical Term Sound
General subdivision Recording and reproducing.
650 #0 - SUBJECTS
Topical Term Magnetic recorders and recording.
650 #0 - SUBJECTS
Topical Term Digital audiotape recorders and recording.
700 1# - OTHER AUTHORS
Personal name Runstein, Robert E.
942 ## - ADDED ENTRY ELEMENTS (KOHA)
Koha item type Books
Holdings
Withdrawn status Lost status Collection code Home library Current library Shelving location Date acquired Full call number Accession Number Koha item type
    Reference Methodist University Library Main Methodist University Library Main General Stacks   TK7881.4 .H86 3358 Books
    Reference Methodist University Library Main Methodist University Library Main General Stacks   TK7881.4 .H86 3357 Books
    Reference Methodist University Library Main Methodist University Library Main General Stacks 28/12/2013 TK7881.4 .H86 39170 Books
Copyright © 2026  MUG Library